| Tag |
First Indicator |
Second Indicator |
Subfields |
| LEADER |
00000cam a22000008a 4500 |
| 001 |
in00002687921 |
| 005 |
20151202115358.0 |
| 008 |
100907s2011 nyu b 001 0deng |
| 010 |
|
|
|a 2010037497
|
| 020 |
|
|
|a 9781568586014 (alk. paper)
|
| 020 |
|
|
|a 1568586019 (alk. paper)
|
| 029 |
1 |
|
|a AU@
|b 000046033268
|
| 035 |
|
|
|a (OCoLC)ocn535492246
|
| 035 |
|
|
|a (OCoLC)535492246
|
| 040 |
|
|
|a DLC
|c DLC
|d BTCTA
|d YDXCP
|d UPZ
|d ZPX
|d BWX
|d UtOrBLW
|
| 043 |
|
|
|a a-cc-ti
|a a-cc---
|
| 049 |
|
|
|a TXAM
|
| 050 |
0 |
0 |
|a DS786
|b .J63 2011
|
| 082 |
0 |
0 |
|a 294.3/923092
|2 22
|
| 100 |
1 |
|
|a Johnson, Tim,
|d 1957-
|
| 245 |
1 |
0 |
|a Tragedy in crimson :
|b how the Dalai Lama conquered the world but lost the battle with China /
|c Tim Johnson.
|
| 264 |
|
1 |
|a New York :
|b Nation Books,
|c [2011]
|
| 264 |
|
4 |
|c ©2011
|
| 300 |
|
|
|a xv, 333 pages :
|b maps ;
|c 25 cm.
|
| 336 |
|
|
|a text
|b txt
|2 rdacontent
|
| 337 |
|
|
|a unmediated
|b n
|2 rdamedia
|
| 338 |
|
|
|a volume
|b nc
|2 rdacarrier
|
| 504 |
|
|
|a Includes bibliographical references and index.
|
| 505 |
0 |
|
|a The big gamble -- On Tibet's periphery -- Riding the rails to Tibet -- Holy city or devil's land -- Over the Himalayas -- Dharamsala -- The Karmapa -- The princess -- Wolves at the door -- Getting religion -- A "simple Buddhist monk" -- Thwarting the Dalai Lama -- Hollywood versus Wal-Mart -- Epilogue: China's "totally correct" policies.
|
| 520 |
|
|
|a "Tragedy in Crimson" is award-winning journalist Tim Johnson's extraordinary account of the cat-and-mouse game embroiling China and the Tibetan exile community over Tibet.
|
| 651 |
|
0 |
|a Tibet Autonomous Region (China)
|x Relations
|z China.
|
| 651 |
|
0 |
|a China
|x Relations
|z China
|z Tibet Autonomous Region.
|
| 600 |
0 |
0 |
|a Bstan-ʼdzin-rgya-mtsho,
|c Dalai Lama XIV,
|d 1935-
|
| 600 |
0 |
0 |
|a Bstan-ʼdzin-rgya-mtsho,
|c Dalai Lama XIV,
|d 1935-
|x Political and social views.
|
| 600 |
0 |
0 |
|a Bstan-ʼdzin-rgya-mtsho,
|c Dalai Lama XIV,
|d 1935-
|x Travel
|z United States.
|
| 600 |
1 |
0 |
|a Johnson, Tim,
|d 1957-
|x Travel
|z China
|z Tibet Autonomous Region.
|
| 651 |
|
0 |
|a Tibet Autonomous Region (China)
|x Description and travel.
|
| 651 |
|
0 |
|a Tibet Autonomous Region (China)
|x Social life and customs.
|
| 651 |
|
0 |
|a Tibet Autonomous Region (China)
|x Politics and government
|y 1951-
|
| 651 |
|
0 |
|a China
|x Politics and government
|y 1949-
|
| 938 |
|
|
|a Baker and Taylor
|b BTCP
|n BK0008808653
|
| 938 |
|
|
|a YBP Library Services
|b YANK
|n 3280399
|
| 938 |
|
|
|a Blackwell Book Service
|b BBUS
|n 3280399
|
| 945 |
|
|
|a PromptCat
|b 248692
|
| 946 |
|
|
|a stk
|
| 947 |
|
|
|a A14840600855
|
| 994 |
|
|
|a 92
|b TXA
|
| 948 |
|
|
|a Cataloged
|b h
|c 2011/2/25
|d c
|e EGrant
|
| 999 |
|
|
|a MARS
|
| 999 |
f |
f |
|s dff172c9-3d5d-302f-92ba-d168afeb22ba
|i eb88b503-7686-346f-a3c5-78ec9c7c8e4d
|t 0
|
| 952 |
f |
f |
|p normal
|a Texas A&M University
|b College Station
|c Sterling C. Evans Library
|d Evans: Library Stacks
|t 0
|e DS786 .J63 2011
|h Library of Congress classification
|i unmediated -- volume
|m A14840600855
|
| 998 |
f |
f |
|a DS786 .J63 2011
|t 0
|l Evans: Library Stacks
|